00281nam a22001097a 4500003000500000005001700005008004100022040000800063082001600071100001700087245006700104Nust20170417140024.0170417b xxu||||| |||| 00| 0 eng d cdlc a363.125 HAR 4Harwood,D.W. aSafety Effectiveness of Intersection Left and Right Turn Lanes